Statistics for Marvel Movies by Picture

Click here to take the quiz!

General Stats

  • This quiz has been taken 2,045 times
  • The average score is 14 of 16

Answer Stats

Answer% Correct
Iron Man
99%
Captain America: The First Avenger
96%
Black Panther
95%
Ant-Man
94%
Spider-Man: Homecoming
92%
The Avengers
92%
Doctor Strange
88%
Guardians of the Galaxy
88%
Avengers: Infinity War
86%
Captain Marvel
84%
Thor: Ragnarok
84%
The Incredible Hulk
83%
Avengers: Age of Ultron
77%
Avengers: Endgame
77%
Captain America: Civil War
76%
Shang-Chi and the Legend of the Ten Rings
75%

Score Distribution

Percentile by Number Answered

Percent of People with Each Score

Your Score History

You have not taken this quiz